000 00773nam a2200289Ia 4500
005 20260324115841.0
008 008 260324s9999 xx 000 0 eng d
020 _a9781315374987
037 _aEBOOK
040 _aCRL
040 _beng
040 _cCRL
041 _2eng
041 _aeng
084 _qCRL
100 _aLesley Walls; Matthew Revie; Tim Bedford
_91156252
245 0 _aRisk, Reliability and Safety: Innovating Theory and Practice
245 0 _bProceedings of ESREL 2016 (Glasgow, Scotland, 25-29 September 2016)
260 _bTaylor and Francis
260 _c2016
365 _a
365 _b960
856 _uhttp://www.taylorfrancis.com/books/9781315374987
942 _cEBOOK
999 _c1747435
_d1747435